The church is bigger than you think : (Record no. 1621)

MARC details
000 -LEADER
fixed length control field 01124cam a2200313Ia 4500
001 - CONTROL NUMBER
control field 424627
003 - CONTROL NUMBER IDENTIFIER
control field OSt
005 - DATE AND TIME OF LATEST TRANSACTION
control field 20180918162425.0
008 - FIXED-LENGTH DATA ELEMENTS--GENERAL INFORMATION
fixed length control field 980915s1998 enkab b 001 0 eng d
020 ## - INTERNATIONAL STANDARD BOOK NUMBER
International Standard Book Number 1857922697
035 ## - SYSTEM CONTROL NUMBER
System control number (OCoLC)39869772
035 ## - SYSTEM CONTROL NUMBER
System control number (OCoLC)ocm39869772
040 ## - CATALOGING SOURCE
Original cataloging agency VRD
Transcribing agency VRD
Modifying agency BAN
-- PTS
049 ## - LOCAL HOLDINGS (OCLC)
Holding library PTSS
082 ## - DEWEY DECIMAL CLASSIFICATION NUMBER
Classification number 266
Item number J736C
090 ## - LOCALLY ASSIGNED LC-TYPE CALL NUMBER (OCLC); LOCAL CALL NUMBER (RLIN)
Classification number (OCLC) (R) ; Classification number, CALL (RLIN) (NR) BV601.8
Local cutter number (OCLC) ; Book number/undivided call number, CALL (RLIN) .J64 1998
100 1# - MAIN ENTRY--PERSONAL NAME
Personal name Johnstone, Patrick J. St. G.
245 14 - TITLE STATEMENT
Title The church is bigger than you think :
Remainder of title structures and strategies for the church in the 21st century /
Statement of responsibility, etc. Patrick Johnstone.
260 ## - PUBLICATION, DISTRIBUTION, ETC.
Place of publication, distribution, etc. Fearn, Ross-shire, Great Britain :
Name of publisher, distributor, etc. Christian Focus Publications ;
Place of publication, distribution, etc. Gerrards Cross, Bucks, Great Britain :
Name of publisher, distributor, etc. WEC,
Date of publication, distribution, etc. 1998.
300 ## - PHYSICAL DESCRIPTION
Extent 314 p. :
Other physical details ill. maps ;
Dimensions 22 cm.
500 ## - GENERAL NOTE
General note "The unfinished work of world evangelisation" -- subtitle on cover.
504 ## - BIBLIOGRAPHY, ETC. NOTE
Bibliography, etc. note Includes bibliographical references (p. [293]-301) and index.
650 #0 - SUBJECT ADDED ENTRY--TOPICAL TERM
Topical term or geographic name entry element Mission of the church.
650 #0 - SUBJECT ADDED ENTRY--TOPICAL TERM
Topical term or geographic name entry element Evangelistic work.
650 #0 - SUBJECT ADDED ENTRY--TOPICAL TERM
Topical term or geographic name entry element Missions
General subdivision Theory.
650 #0 - SUBJECT ADDED ENTRY--TOPICAL TERM
Topical term or geographic name entry element Missions
General subdivision Forecasting.
650 #0 - SUBJECT ADDED ENTRY--TOPICAL TERM
Topical term or geographic name entry element Christianity
General subdivision Forecasting.
942 ## - ADDED ENTRY ELEMENTS (KOHA)
Source of classification or shelving scheme Dewey Decimal Classification
Koha item type Books
Holdings
Withdrawn status Lost status Source of classification or shelving scheme Damaged status Not for loan Collection code Home library Current library Shelving location Date acquired Total Checkouts Full call number Barcode Date last seen Price effective from Koha item type
    Dewey Decimal Classification     Non-fiction Harvest Mission College Harvest Mission College General Stacks 18.09.2018   266 J736C 000477 18.09.2018 18.09.2018 Books
    Dewey Decimal Classification     Non-fiction Harvest Mission College Harvest Mission College General Stacks 18.09.2018   266 J736C 008715 14.02.2019 18.09.2018 Books

OPAC Designed and Maintained by HMC Library Team.
Copyright © HMC Library,Greater Noida, UP.
For any Suggestions/Query Contact library via Email:libhmc@gmail.com